00834nam a2200193 a 4500003000200000005001700002008004100019050003400060100002300094245011700117260009200234300004000326504004100366650005100407650004700458650005200505650004000557650004300597020250318142011.0071127s19uu xx 00 eng d aPGS LB 1044.7.T39b.C957 2007 aCruz, Carissa Mia. aThe effects of watching television during weekdays on the core subjects of grade 5 students /cCarissa Mia Cruz. aLas Piñas City, Philippines : bSouthville International School and Colleges,c2007. a33 pages :billustrations ;c28 cm. aIncludes bibliographical references. aTelevision and childrenvEducational aspects . aTelevision viewingvPsychological aspects. aAcademic achievementvInfluence of television.  aEducationvEffect of mass media on. aStudy habitsvInfluence of television.